Key management ratios : the clearest guide to the critical numbers that drive your business

Αποθηκεύτηκε σε:
Λεπτομέρειες βιβλιογραφικής εγγραφής
Κύριος συγγραφέας: Walsh, Ciaran
Μορφή: Βιβλίο
Γλώσσα:English
Δημοσίευση: Harlow , England : Prentice Hall /Financil Times, 2006
Έκδοση:4th ed.
Θέματα:
Ετικέτες: Προσθήκη ετικέτας
Δεν υπάρχουν, Καταχωρήστε ετικέτα πρώτοι!

MARC

LEADER 00000nam a2200000 i 4500
001 1/52746
008 070828s2006 eng d
020 |a 978-0-273-70731-8 (pbk.) 
020 |a 0-273-70731-0 (pbk.) 
035 |l 10090088 
040 |a GR-MY-UA  |b gre  |e aacr 
041 0 |a eng 
082 0 |a 658.4033  |2 (22) 
100 1 |a Walsh, Ciaran. 
245 1 0 |a Key management ratios :  |b the clearest guide to the critical numbers that drive your business /  |c Ciaran Walsh 
250 |a 4th ed. 
260 |a Harlow , England :   |b Prentice Hall /Financil Times,   |c 2006 
300 |a xiv, 401σ.;  |b σχ. πιν.;  |c 24εκ. 
650 0 0 |a Ratio analysis. 
650 0 0 |a Management  |x Statistical methods. 
650 0 0 |a Statistical decision. 
852 |a INST  |b CHIOS  |e 20070828  |h 658.4033 WAL  |p 005200025597  |q 005200025597  |t BK  |y 0 
901 |a BIBL2-2007-2 
909 |a Χ  |b 138137 
922 |a 2ΕΛΗ  |b 200707  |c ΕΠΕΑΕΚ2/ΤΔΕ  |d ΠΑΠΑΣΩΤΗΡΙΟΥ 
970 |a ΑΤΣΑΛΗ  |b ΔΕΣΠΟΙΝΑ  |z 2007/08/28